Nomes mundiais populares - Statistics

Estatísticas Gerais
  • Esse quiz foi jogado 366 vezes
  • A pontuação média é 9 de 12
Estatísticas das Respostas
Descrição Nome % Correto
Considerado o rei do pop Michael Jackson
90%
O mais conhecido músico jamaicano de reggae Bob Marley
84%
Fundador e líder da organização terrorista Al-Qaeda Osama bin Laden
84%
Antigo presidente da África do Sul que ganhou um prêmio nobel da paz Nelson Mandela
82%
Primeiro presidente dos Estados Unidos George Washington
79%
Responsável pela Teoria da Relatividade e pela Equivalência Massa-Energia. Albert Einstein
78%
Última princesa imperial do Brasil que assinou a Lei Áurea Princesa Isabel
76%
Fundador da islamismo Maomé
74%
Poeta e dramaturgo autor de Romeu e Julieta William Shakespeare
72%
Pastor protestante e ativista líder do movimentos dos direitos civis do negro Martin Luther King
68%
Missionária indiana fundadora da congregação "Missionárias da Caridade" e primeira mulher a ganhar o prêmio Nobel da paz Madre Teresa de Calcutá
64%
Empresário brasileiro considerado o sétimo homem mais risco do mundo Eike Batista
53%
Nenhum quiz correspondente encontrado
Distribuição das Pontuações
Porcentagem de Pessoas com Cada Pontuação
Percentil de Números Respondidos
Sua Pontuação Histórica
Você não jogou esse quiz